| 000 | 00598nam a22001697a 4500 | ||
|---|---|---|---|
| 999 |
_c18772 _d18772 |
||
| 008 | 240126b ||||| |||| 00| 0 eng d | ||
| 020 | _a9781645328360 | ||
| 082 |
_22023 _aDC 647.94068 _bB912 |
||
| 100 |
_aBurgess, Jimmy. _950832 |
||
| 245 |
_aOperations management in tourism and hospitality / _cJimmy Burgess. |
||
| 260 |
_aNew York : _bAlexis Press, _c©2023. |
||
| 300 |
_avii, 287 pages : _bcolor illustrations ; _c26 cm. |
||
| 500 | _aIncludes bibliography and index. | ||
| 650 |
_aHospitality industry _xManagement. _951621 |
||
| 650 |
_aTourism _xManagement. _951622 |
||
| 942 |
_2ddc _cDC |
||